Designing and Teaching Fitness Education Course: (Record no. 9742)

MARC details
000 -LEADER
fixed length control field 00896nam a22002297a 4500
003 - CONTROL NUMBER IDENTIFIER
control field OSt
005 - DATE AND TIME OF LATEST TRANSACTION
control field 20260422085509.0
008 - FIXED-LENGTH DATA ELEMENTS--GENERAL INFORMATION
fixed length control field 260422b |||||||| |||| 00| 0 eng d
020 ## - INTERNATIONAL STANDARD BOOK NUMBER
International Standard Book Number 978-71820026( paper Back)
040 ## - CATALOGING SOURCE
Original cataloging agency DWC-Main lib
Transcribing agency OC
082 ## - DEWEY DECIMAL CLASSIFICATION NUMBER
Classification number Circ. 796.071 G795d 2022
100 ## - MAIN ENTRY--PERSONAL NAME
Personal name Greenbergy, Jayne D.
245 ## - TITLE STATEMENT
Title Designing and Teaching Fitness Education Course:
Remainder of title Innovative Ideas and Practical Solutions for Secondary Schools
Statement of responsibility, etc. Jayne D. Greenbergy
260 ## - PUBLICATION, DISTRIBUTION, ETC.
Place of publication, distribution, etc. Champaign, IL, USA :
Name of publisher, distributor, etc. Human Kinetics Inc.,
Date of publication, distribution, etc. c2022.
300 ## - PHYSICAL DESCRIPTION
Extent xi, 404 pages :
Other physical details illustrations ;
Dimensions 28 cm.
504 ## - BIBLIOGRAPHY, ETC. NOTE
Bibliography, etc. note Includes index and bibliographical references
650 ## - SUBJECT ADDED ENTRY--TOPICAL TERM
Topical term or geographic name entry element 1. Physical education and training -- Study and teaching.
650 ## - SUBJECT ADDED ENTRY--TOPICAL TERM
Topical term or geographic name entry element 2. Physical education and training -- Curricula.
700 ## - ADDED ENTRY--PERSONAL NAME
Personal name Calkins, Nichole D.
700 ## - ADDED ENTRY--PERSONAL NAME
Dates associated with a name Spinosa, Lisa S.
942 ## - ADDED ENTRY ELEMENTS (KOHA)
Source of classification or shelving scheme Dewey Decimal Classification
Koha item type Book Circulation
Classification part Circ.
Suppress in OPAC No
952 ## - LOCATION AND ITEM INFORMATION (KOHA)
--
Holdings
Withdrawn status Lost status Source of classification or shelving scheme Damaged status Not for loan Home library Current library Shelving location Date acquired Source of acquisition Total Checkouts Full call number Barcode Date last seen Copy number Price effective from Koha item type Uniform Resource Identifier
    Dewey Decimal Classification     College Library College Library Circulation 10/10/2022 School Fund   Circ. 796.071 G795d 2022 CL53394 04/22/2026 c1 04/22/2026 BK-CIRC